Responses for Show #7883 - Wednesday, December 12, 2018

Contestants

[<< previous game]

Elana Schor, a journalist from Washington, D.C.

Andy Greeley, an elections administrator from Seattle, Washington

Nicole Cocklin, a travel agent from Fort Wayne, Indiana (whose 1-day cash winnings total $20,001)

[next game >>]

Jeopardy! Round responses

FAMOUS WOMEN
21st CENTURY FILMS
TOOLS ARE CONFUSING
3 WORDS FOR 3 LETTERS
(Alex: Each clue will be three words. Each correct response will be three letters only.)
READ IT
A.M.A.
    $200 6
(Elana: Who is Jackie Joyner-Kersee?)

Flo-Jo

Elana
Triple Stumper
    $200 1
Wall-E

Nicole
    $200 27
a mallet

Nicole
    $200 22
nun

Nicole
    $200 11
Moby Dick

Andy
    $200 30
pediatrics

Nicole
    $400 14
Sonia Sotomayor

Elana
    $400 2
The Matrix Reloaded

Elana
    $400 26
a compass

Nicole
    $400 19
the eye

Elana
    $400 10
Wuthering Heights

Nicole
    $400 29
blood pressure

Andy
    $600 15
(Gloria) Steinem

Andy
    $600 3
The Last Jedi

Elana
    $600 25
a file

Andy
    $600 16
wee

Elana
    $600 9
All the President's Men

Elana
    $600 12
the opioid epidemic

Andy
    $800 17
Sally Ride

Elana
    $800 4
Jumanji

Elana
    $800 24
bolt

Andy
    $800 20
sow

Elana
    $1,000 7
The Big Sleep

Andy
    $800 13
ethics

Nicole
    $1000 18
Golda Meir

Andy
    $1000 5
Into the Wild

Andy
    $1000 23
a trowel

Andy
    $1000 21
a cog

Andy
    $1000 8
maladies

Elana
    $1000 28
Medicare cards

Triple Stumper

Scores at the first commercial break (after clue 15):

Nicole Andy Elana
$1,400 $3,400 $3,600

Scores at the end of the Jeopardy! Round:

Nicole Andy Elana
$2,400 $8,200 $6,200

Double Jeopardy! Round responses

SEVEN DEADLY SYNONYMS
WORLD CAPITALS
THE ARTS
THINGS ARE GETTING BETTER
A POP "UP" CATEGORY
HODGEPODGE
    $400 1
fatal

Elana
    $400 29
Pyongyang

Elana
    $400 30
Bolshoi

Nicole
    $400 28
Africa

Nicole
    $400 25
[ERRATUM: The clue misspells "when" as "whem".]

wake me up

Elana
    $400 26
Ford

Elana
    $800 2
homicidal

Nicole
    $800 14
Port-au-Prince

Elana
    $7,000 27
(Alex: From Hamlet.)

Ophelia

Elana
    $800 10
Enlightenment

Andy
    $800 24
"Up Where We Belong"

Elana
    $800 23
(Elana: What is California?)

Alaska

NicoleElana
    $1200 3
(Nicole: What is a carcinogen?)

carcinogenic

NicoleAndy
    $4,600 5
Lisbon

Andy
    $1200 7
a lyre

Nicole
    $1200 11
justice

Andy
    $1200 22
"Rise Up"

Triple Stumper
    $1200 21
six

Nicole
    $1600 16
mortal

Nicole
    $1600 4
Brasilia

Triple Stumper
    $1600 8
(Andy: What is art deco?)

Art Nouveau

Andy
Triple Stumper
    $1600 12
General Electric

Andy
    $1600 18
"Upset"

Triple Stumper
    $1600 20
a calorie

Andy
    $2000 15
virulent

Andy
    $2000 6
Bhutan

Andy
    $2000 9
(Nicole: What is Fences?)

The Iceman Cometh

NicoleAndy
    $2000 13
technocracy

Triple Stumper
    $2000 17
"Up On The Roof"

Triple Stumper
    $2000 19
a flyleaf

Nicole

Scores at the end of the Double Jeopardy! Round:

Nicole Andy Elana
$7,600 $23,600 $15,600

[wagering suggestions for these scores]

Final Jeopardy! Round responses

SCI-FI TV
NicoleWho are the Romulans?
$0
ElanaWho are the Romulans?
$8,001
AndyWho are the Vulcans?
$7,601
the Romulans

Final scores:

Nicole Andy Elana
$7,600 $15,999 $23,601
3rd place: $1,000 2nd place: $2,000 New champion: $23,601

Game dynamics:

Coryat scores:

Nicole Andy Elana
$7,600 $20,000 $9,400
15 R,
2 W
20 R
(including 2 DDs),
1 W
17 R
(including 1 DD),
2 W

Combined Coryat: $37,000

[game clues] [game scores] [suggest correction]

Game tape date: 2018-10-31
The J! Archive is created by fans, for fans. Scraping, republication, monetization, and malicious use prohibited; this site may use cookies and collect identifying information. See terms. The Jeopardy! game show and all elements thereof, including but not limited to copyright and trademark thereto, are the property of Jeopardy Productions, Inc. and are protected under law. This website is not affiliated with, sponsored by, or operated by Jeopardy Productions, Inc. Join the discussion at JBoard.tv.